[Event "EU-Cup 14th Group2"]
[Site "Bonnevoie"]
[Date "1998.09.11"]
[Round "1"]
[White "Golod, Vitali"]
[Black "Gurevich, Dmitry"]
[Result "1-0"]
[WhiteElo "2555"]
[BlackElo "2505"]
[Annotator "Golod,V"]
[PlyCount "85"]
[EventDate "1998.09.11"]
[EventType "team-k.o."]
[EventRounds "3"]
[EventCountry "LUX"]
[SourceTitle "EXT 2020"]
[Source "ChessBase"]
[SourceDate "2019.10.17"]
[SourceVersion "1"]
[SourceVersionDate "2019.10.17"]
[SourceQuality "1"]
[WhiteTeam "Beer-Sheva Chess Club"]
[BlackTeam "Geneve"]
[WhiteTeamCountry "ISR"]
[BlackTeamCountry "SUI"]

1. d4 Nf6 2. c4 e6 3. Nf3 c5 4. d5 d6 5. Nc3 exd5 6. cxd5 g6 7. h3 Bg7 8. e4
O-O 9. Bd3 Bd7 $6 {This is not actually} (9... b5 $5) 10. Bf4 $5 ({Good enough
} 10. O-O $5 b5 11. a3 $1 {N} (11. Nxb5 $143 {- 55/98}) 11... Na6 (11... b4 $6
12. axb4 cxb4 13. Na2 Qb6 14. Bd2 $1 {+/-} (14. Be3 $143 Qb7 {+=})) 12. Re1 c4
13. Bc2 Nc5 14. Bf4 Qb6 15. e5 $1 dxe5 16. Nxe5 Rad8 17. Qf3 {+/-} a5 18. Be3
Rc8 $2 19. Ne4 {+- 1-0 Browne,W-Gurevich,D/World op 1993 (47)}) (10. a4 $5)
10... Re8 $5 ({Dubious:} 10... Qc7 11. O-O c4 12. Bc2 Na6 13. Re1 (13. e5 $143
Nh5 14. exd6 Qb6 15. Be5 Qxb2 16. Ne4 Bxe5 17. Rb1 Qxa2 18. Nxe5 Bf5 19. Rxb7
Bxe4 20. Bxe4 Nc5 21. Bb1 Qa6 22. Rb4 Qxd6 23. Nxc4 {+= 1-0 Polgar,Z-Blees,A/
Lillafured 1989 (38)}) 13... Rfe8 14. Qd2 b5 15. a3 Nc5 16. e5 dxe5 17. Bxe5
Qb6 18. Qd4 Rac8 19. d6 Ne6 20. Qd2 Nc5 21. Qd4 Ne6 22. Qxb6 axb6 23. Rad1 {
+/- 1-0 Vyzmanavin,A-Psakhis,L/Moscow-A 1988 (37)}) 11. O-O $5 (11. Bxd6 $2
Nxe4 $5 (11... Bxh3 12. Rxh3 (12. Bxb8 $2 Bxg2 13. Rg1 Bxf3 14. Qxf3 Rxb8 {-/+}
) 12... Qxd6 {=+}) (11... Qb6 $5) 12. Nxe4 f5 $36) (11. Nd2 $6 b5 12. O-O c4
13. Bc2 b4 14. Ne2 c3 15. bxc3 bxc3 16. Nc4 Nxe4 17. Ng3 Qh4 {~ 1-0 Bronstein,
D-Gurevich,D/Las Vegas op 1993 (36)}) 11... c4 $6 (11... Qc7 $6 {Stohl} 12. Re1
{+/- /\e5}) (11... b5 $5 {See comments to Khalifman,A-Maus,S/Hamburg,1991(cbm
24)1-0 (34)Ftacnik}) 12. Bc2 {+=} Qb6 $5 {N} (12... Qc7 13. Re1 Na6 14. a3 Nc5
15. Qd2 b5 16. e5 $1 dxe5 17. Bxe5 Qb6 18. Qd4 {+/- 1-0 Sturua,Z-Hulak,K/
Manila olm 1992 (25)}) 13. Rb1 Na6 14. a3 {(><b4)} Nc5 15. Re1 Rad8 16. Qd2 Nb3
$2 {After this move white has a big positional advantage} (16... Qa6 $142 {/\b5
}) 17. Bxb3 cxb3 (17... Qxb3 $2 18. Bxd6 Bxh3 $140 {??} 19. Bb4 {+-}) 18. Be3
$1 {/\Bd4} Qa6 19. Bd4 {+/-} Bb5 $5 20. Rbd1 Bc4 21. Qf4 (21. Qg5 $143 h6 $1)
21... Nh5 (21... Nd7 $143 22. Bxg7 Kxg7 23. e5 dxe5 24. Nxe5 Nxe5 25. Rxe5 Qf6
(25... Qd6 26. Rxe8 Qxf4 27. Rxd8 {+/-}) (25... Rxe5 26. Qxe5+ Qf6 27. Qc7 $5 {
+-} (27. f4)) 26. Rxe8 Qxf4 $8 27. Rxd8 {+/-}) 22. Qg5 $1 h6 23. Qe3 Nf6 24.
Bxa7 $1 (24. Bxf6 $143 Bxf6 25. Qxh6 Bg7 (25... Bxc3 $2 26. bxc3 {/\Ng5+-}) 26.
Qd2 {+/-} (26. Qh4 $6 Bxc3 27. bxc3 Kg7 28. Ng5 Rh8 29. Qf4 Rd7 {+=})) 24...
Re7 (24... Nxe4 $2 25. Nxe4 f5 26. Nf6+ $3 (26. Bd4 {+/-}) 26... Bxf6 27. Qxh6
Bg7 28. Qxg6 Rxe1+ 29. Rxe1 Qxa7 30. Re7 {+-}) 25. Bd4 Rde8 26. Bxf6 Bxf6 27.
Qxh6 {+-} Bd3 (27... Bg7 $142 28. Qd2 {+-}) (27... Bxc3 $6 28. bxc3 {/\Ng5}
Rxe4 29. Rxe4 Rxe4 30. Ng5 Rf4 31. Rd4 {!} b2 (31... Rf5 32. Qh7+ Kf8 33. Re4 {
+-}) 32. Rxf4 b1=Q+ 33. Kh2 Bxd5 34. Qh7+ Kf8 35. Rxf7+ Ke8 36. Qg8#) 28. Ng5
Bxg5 29. Qxg5 Bxe4 30. Qh4 $1 (30. Rd4 $4 Bxg2 31. Rc1 (31. Rxe7 $4 Qf1+ 32.
Kh2 Qh1+ 33. Kg3 Qxh3+ 34. Kf4 Qf3#) 31... Bf3 $36) (30. f3 $6 Re5 {+/-}) (30.
Qf6 $5 Re5 31. f4 Qb6+ (31... Rf5 $4 32. Qd4 {+-} (32. Nxe4 {+-})) 32. Kh2 R5e7
(32... Qf2 33. Re2 Rf5 $8 34. Qxd6 Qxf4+ 35. Qxf4 Rxf4 36. g3 {+-}) 33. Rc1 $1
{+-}) 30... Qc4 31. Re3 $2 (31. f3 $1 Bxd5 (31... Qc5+ 32. Kh2 {+-}) 32. Rxe7
Qxh4 33. Rxe8+ Kg7 34. Rxd5 {+-}) 31... Re5 32. Qf6 (32. f3 $4 Bxd5 $1 (32...
Qc5 $2 33. Qf2 Bc2 34. Rxe5 Qxf2+ 35. Kxf2 Rxe5 36. Rd4 {+-}) 33. Rxe5 dxe5 {~}
) 32... Bc2 33. Rxe5 Rxe5 (33... dxe5 $143 34. d6 {+-}) 34. Qxd6 Qf4 35. Ne2 $1
Qe4 36. Rd2 Re8 37. Qb4 (37. Qf4 $142) 37... Qe5 $6 (37... Qxb4 $142 38. axb4 {
+/-/+-}) 38. d6 Rd8 39. Qd4 {+-} Qe6 40. Kh2 Rd7 41. Nf4 Qe4 42. Qf6 $1 Qe8 (
42... Kh7 43. Rd4 Qf5 44. Nd5 {+-}) (42... Qf5 43. Nd5 {+-}) 43. Nd5 {(2.01-2.
05)} 1-0

[Event "Montreal 6th"]
[Site "Montreal"]
[Date "2005.08.05"]
[Round "3"]
[White "Golod, Vitali"]
[Black "Krush, Irina"]
[Result "1-0"]
[WhiteElo "2582"]
[BlackElo "2452"]
[Annotator "Golod,V"]
[PlyCount "149"]
[EventDate "2005.08.03"]
[EventType "tourn"]
[EventRounds "11"]
[EventCountry "CAN"]
[EventCategory "12"]
[SourceTitle "CBM 109"]
[Source "ChessBase"]
[SourceDate "2005.11.14"]
[SourceVersion "1"]
[SourceVersionDate "2005.11.14"]
[SourceQuality "1"]

1. d4 Nf6 2. c4 c5 {According to my database, this is Irina's first game in
this opening.} 3. d5 e6 4. Nc3 exd5 5. cxd5 d6 6. e4 g6 7. h3 Bg7 8. Bd3 O-O 9.
Nf3 Nbd7 10. O-O $140 Nh5 {Probably, Irina Krush prepared this idea to play
against me.} 11. Re1 $5 ({A more popular continuation to my opponent's last
move:} 11. Bg5 $5) 11... Re8 $6 $146 ({Before that, this was seen twice:} 11...
Ne5 $6 12. Be2 Nxf3+ 13. Bxf3 Qh4 (13... Nf6 14. Bf4 $14 {/\e5}) 14. Bxh5 gxh5
15. Qf3 (15. Qd2 Be5 16. Qg5+ Qxg5 17. Bxg5 Bd7 18. a4 f5 $13 {Merbis,
M-Langedijk,A/Haarlem,2005(1/2-1/2)(34)}) 15... f5 16. Qf4 $14 {Campos Moreno,
J-Guerra Bastida,D/Andorra,2003(1-0)(51)}) ({And three times:} 11... a6) 12. g4
$1 {I kick back black's knight, and gain more space in the process. You can
also see the disadvantage of this move - a huge weakening of the king side.} (
12. Bg5 $143 Bf6 13. Be3 Ne5 14. Be2 Nxf3+ 15. Bxf3 Ng7 $13) 12... Nhf6 13. Bf4
Ne5 14. Nxe5 dxe5 15. Be3 $14 b6 16. a4 {Quite a controversial move,
positionally.} (16. Bb5 $5 {/\Bc6}) 16... a5 $1 {Black gives away her chance
for counterplay, but begins building a strong defense on the kingside.} 17. Bg5
$1 {[%csl Rd8,Rf6][%cal Gd1f3]} h6 18. Bh4 g5 19. Bg3 {Now Black doesn't have
counter play on the kingside as well.} Re7 20. Kg2 Ne8 21. h4 {I'm trying to
open the h-file and to get to my opponent's king.} f6 $1 22. hxg5 $140 fxg5 {
Black ruins his pawn structure, but now his king is quite safe against my
attack on the h-file.} (22... hxg5 $143 23. Rh1 $36 {[%csl Rg8,Gh1][%cal Gh1h8]
}) 23. Nb5 (23. Bb5 $5 {[%cal Gb5c6] /^a4-e8}) 23... Nd6 24. Nxd6 Qxd6 25. Bb5
Bb7 $1 {Black fairly doesn't exchange the light squared bishops:} (25... Bd7 $2
26. Bxd7 Rxd7 27. Qe2 $16 {with a lot of pressure on the light squares.}) 26.
Ra3 Rf8 27. Rf3 Rxf3 {Except this awaited exchange, I also checked the
following alternatives:} (27... Rf4 $6 28. Bxf4 exf4 29. Rh3 $1 (29. b3 $143 h5
$1 $132) 29... Bxb2 $140 30. Bc6 $1 {+/=/+/-}) (27... Ref7 28. Rf5 $5 Bc8 $140
29. Rh1 $1 Bxf5 30. gxf5 {with a lot of compensation for the exchange.}) 28.
Qxf3 Rf7 29. Qe2 Bc8 30. Bc6 Bf6 31. Be8 Rg7 {[%csl Rf5][%cal Ge8g6,Gg6f5,
Yg7g6]} (31... Re7 $2 32. Bg6 {/\Bf5}) 32. Rh1 Bd8 33. f3 {Unfortunately, I
had to make this move, and prevent my heavy pieces from reaching that square.}
Re7 34. Qb5 Bb7 35. Bc6 $6 Bc8 {Irina didn't use my mistake.} (35... Bxc6 $5
36. Qxc6 (36. dxc6 Kg7 $13 {[%csl Rc6]}) 36... Qxc6 37. dxc6 Re6 38. Rd1 (38.
Bxe5 $4 Rxe5 39. Rd1 $140 Re8 40. Rd7 Bf6 $17) 38... Bc7 39. Rd7 Rxc6 40. Be1
$44) 36. Bf2 {I'm trying to break through at the queenside, and so I move my
bishop to the /^a7-g1 diagonal, and my rook will go to b3.} Ra7 {[%csl Rb5]
[%cal Gc8a6]} 37. Be8 Rc7 38. Rc1 Kf8 39. Rc3 Ke7 40. Rb3 (40. Bc6 $143 Ra7 41.
Rxc5 $140 $4 Ba6 $19) 40... Ra7 41. Qc6 {My initiative on the queenside has
stoped, however, I did manage to exchange the queens, which will help me to
get through my opponent's defence in the future.} Qxc6 42. Bxc6 $14 Kd6 43. Rc3
Bf6 $6 (43... Rh7 $5 {/\h5}) 44. Rc1 Bg7 45. Be3 Bf6 46. Kg3 {My pieces are
standing well now, and I'm trying to prepare a sacrifice on g5.} Bg7 47. Bb5
Bf6 48. Be8 Bg7 49. Rh1 (49. Bg6 $6 Re7 {><e8} 50. Bf5 Ba6 {/^a6-f1}) 49... Ra8
50. Bc6 Ra7 51. Bb5 Ra8 $2 {An inaccurate rook retreat by Black, which allowed
me to realize my plan within 2 moves.} (51... Rf7 $142 {and now it's unclear
on which side I will have to break through.}) 52. Rh5 Ra7 $6 (52... Bd7 $142
53. Bxd7 Kxd7 54. Kf2 {[%cal Yf2e2,Ye2d3,Yd3c4,Yc4b5] +/=/+/-}) {[%tqu "En",
"White has a typical sacrifice that completely destroys Black's position?","",
"","e3g5","After a lot of thought, I decided to make this move:)",10]} 53. Bxg5
$1 {After a lot of thought, I decided to make this move :)} hxg5 54. Rxg5 $16 {
[%csl Rd6,Rg7][%cal Gg5g6]} Rf7 (54... Bf8 $142 55. Rg6+ Kc7 56. g5 $1 $16) (
54... c4 $4 55. Rg6+ {[%csl Rd6,Rg7]} Kc5 $8 56. Rc6+ Kb4 57. Rxc4+ Kb3 58.
Rxc8 $18) (54... Bf6 $4 55. Rg6 Ke7 (55... Rf7 56. g5 $18) 56. g5 Bxg5 (56...
Bh8 $143 57. Rg8 {ץc8,Bh8}) 57. Rxg5 $18) 55. Rg6+ Ke7 $8 (55... Kc7 $4 56.
Be8 $18 {[%csl Rc7,Rf7,Rg7][%cal Ge8f7,Yf7g7,Gg6g7]} Re7 $140 57. d6+) 56. Rxb6
{[%cal Gg4g5,Gd5d6] I didn't have to take the Pb6 right away, I could have
limited my opponent's dark -squared bishop at first:} (56. g5 $5 {/\Rxb6
Mikhalevski,V}) 56... Bf6 $6 {/\Bg5 /^c1-h6} (56... Kd8 $5 57. Rd6+ (57. g5 $5
$16) 57... Kc7 58. Rc6+ Kb8 59. Rxc5 $16) (56... Rf6 $5 57. Rb8 Kd8 58. g5 $16)
57. d6+ Kd8 $8 58. Rb8 $1 Rb7 $140 59. Ra8 Bg5 60. d7 Rc7 $4 {This is already
a decisive mistake.} (60... Rxd7 $8 61. Bxd7 Kxd7 62. Rxa5 Kc6 (62... Bf4+ $2
63. Kh4 {/\g5}) 63. Rb5 {/\b4} (63. Ra7 $2 Bc1 64. b3 Be6 $132) 63... Bd2 64.
Kh4 Ba6 65. Rb8 {[%csl Gg4][%cal Gg4g5,Gg5g6,Gg6g7,Gg7g8] +/-/+-}) 61. dxc8=Q+
Rxc8 {^-} 62. Rxa5 $18 {The rest is just a matter of technique.} c4 63. Ra7 Rc5
64. Rd7+ Kc8 65. Rd5 Bf4+ $8 {I completely forgot about this intermediate move.
} (65... Rxd5 $143 66. exd5 Bc1 67. Bxc4 Bxb2 68. g5 $18) 66. Kh4 Rc7 67. Kh5
c3 68. bxc3 Rxc3 69. Rd3 Rc1 70. Kg6 Kb7 71. Kf5 Rg1 72. Rd6 (72. a5 $142 {/\a6
}) 72... Rg3 73. Be2 {[%csl Ye2,Rf3][%cal Ye2f3] I decided to be on the safe
side.} (73. a5 $5 Rxf3 74. a6+ {and so on.}) 73... Rg2 74. Bd1 Rg1 75. a5 {
Unfortunately, this was my only win in the entire tournament.} 1-0

[Event "ISR-chT"]
[Site "Israel"]
[Date "2004.03.26"]
[Round "7"]
[White "Golod, Vitali"]
[Black "Gurevich, Gregory"]
[Result "1-0"]
[WhiteElo "2544"]
[BlackElo "2358"]
[Annotator "Golod,V"]
[PlyCount "115"]
[EventDate "2004.01.03"]
[EventType "team"]
[EventRounds "11"]
[EventCountry "ISR"]
[SourceTitle "CBM 100"]
[Source "ChessBase"]
[SourceDate "2004.06.01"]
[SourceVersion "1"]
[SourceVersionDate "2004.06.01"]
[SourceQuality "1"]

1. d4 Nf6 2. c4 c5 3. d5 e6 4. Nc3 exd5 5. cxd5 d6 6. e4 g6 7. h3 Bg7 8. Nf3
O-O 9. Bd3 b5 ({I can not recommended in this position:} 9... Bd7 $6 {You can
see my annotations to game: Golod,V-Gurevich,D/Luxemburg,1998/CBM 67(1-0)(43)})
10. Nxb5 $5 ({Less popular is:} 10. Bxb5 $5) 10... Nxe4 ({Nowadays,more
popular is:} 10... Re8 $5) 11. Bxe4 Re8 12. Ng5 h6 13. Ne6 {[%csl Rg6] In last
years in this variant,White has a excellent statistics.} Qa5+ $8 (13... Bxe6 $4
{is refuted by:} 14. dxe6 Rxe6 15. Qd5 $18 {[%csl Ra8][%cal Ge1g1,Gh1f1]}) 14.
Nc3 Bxc3+ 15. bxc3 Qxc3+ 16. Bd2 Qc4 {[%csl Re1,Re4,Re6]} 17. Qf3 {I have
prevented threat of Black and I plan to play on the following move- Rc1.} Bxe6
18. Rc1 Qd4 $1 {Black had no other worthy alternative.} 19. O-O $1 (19. Bc3
$143 Bg4 20. hxg4 Qxe4+ $6 (20... Qc4 $1 {[%csl Re1,Re4][%cal Gc4f1,Ge8e4]})
21. Qxe4 Rxe4+ 22. Kd2 $14 {Valenzuela Fuentealba,L-Egger,J/Vina del Mar,1998
(1/2-1/2)(38)}) 19... Bxh3 $1 $146 {[%csl Rd2,Re4]} ({Comments to} 19... Bf5 $6
{[%csl Rd2,Re4] and also to 19...Bg4?! you can find in annotations to game:
Golod,V-Kozakov,M/Bucharest,1992/Inf 55/97(1-0)(Golod,V; Kozakov,M)(43) 
Interestingly that in these comments,made 12 years ago( in 1992) I has put
"??" to 19...Bxh3.}) 20. Bc3 $140 $8 Bxg2 $1 {In it all sense of Black's idea!}
(20... Qxe4 $2 21. Rfe1 (21. Rce1 $5) 21... Bf5 (21... Qa4 $2 22. Qf6 {[%csl
Rg8][%cal Gf6g7]} Re5 23. Rxe5 dxe5 24. Bxe5 Kf8 25. d6 {[%csl Rf8][%cal Gf6h8,
Gf6e7]}) 22. Rxe4 Rxe4 23. Qg3 $16 {[%csl Rd6]}) 21. Qf4 $1 (21. Qg3 $143 Qxe4
22. Rfe1 Nd7 $5 (22... Qa4 23. Qf4 $1 {[%csl Ra4,Ge1,Re8,Gf4,Rg8]} Be4 $8 (
23... Rxe1+ $2 24. Rxe1 $18 {[%csl Ya4,Rg8][%cal Ge1e8,Ya4e8,Gf4f6]}) 24. Qxh6
Re5 $1 (24... f6 $4 25. Bxf6 Qd7 26. Qh8+ Kf7 27. Qg7#) 25. f4 Nd7 26. Re2 $40
{[%csl Gc3,Ge2,Rg8,Gh6][%cal Ge2h2]}) 23. Rxe4 Bxe4 {and in comparison from a
position,after 21.Qf4 I can not take away Ph6.} 24. Qxd6 Bf5 $13) 21... Qxe4 $8
{Black had no other alternative.} (21... g5 $4 22. Bh7+ $18 {[%csl Rd4,Rf7,Rg8]
[%cal Gf4f7,Gf4d6,Gc3d4]}) (21... Rxe4 $2 22. Qxd6 $1 {[%csl Gc3,Rd4,Gd6,Rg8]
[%cal Gd6d8]} (22. Qxh6 $4 Rh4 $19 {[%csl Yh4,Rh6]}) 22... Bf3 (22... Qa4 $2
23. Qf6 Kf8 (23... Rd4 24. Bxd4 Qxd4 $8 (24... cxd4 $4 25. Rc8+ Kh7 26. Rh8#)
25. Qxd4 cxd4 26. Rc8+ Kg7 27. Kxg2 $18 {[%csl Ra8,Rb8,Gc8,Yg2][%cal Gf1b1]})
24. Qh8+ Ke7 25. Bf6+ Kd6 $8 (25... Kd7 26. Qd8#) 26. Qf8+ $1 {I expected for
this move,when I made 21.Qf4.} Kc7 $8 (26... Kxd5 27. Rxc5+ Ke6 28. Qe7#) (
26... Kd7 27. Qd8#) 27. Rxc5+ {[%cal Gf1b1]} Nc6 (27... Kb6 28. Rb1+ Rb4 (28...
Ka6 29. Qc8#) 29. Rxb4+ Qxb4 30. Qd6+ Kb7 31. Rc7#) 28. Qxa8 Bxf1 $140 29.
Rxc6+ Qxc6 (29... Kd7 30. Qc8#) 30. Qxc6+ Kb8 31. d6 $18 {[%csl Rb8,Gc6,Gd6,
Re4][%cal Gc6c7,Gd6d7]}) (22... Qxc3 $143 23. Rxc3 Bxf1 24. Kxf1 {[%csl Ra8,
Rb8]} Re8 25. Rxc5 $18) 23. Bxd4 Rxd4 24. Rxc5 {[%cal Gc5c8]} Nd7 (24... Rh4 $4
{[%csl Rg1][%cal Gh4h1]} 25. Qd8+ {[%csl Rg8,Rh4]}) 25. Rc3 $1 (25. Qxd7 $4 Rh4
{[%csl Rg1][%cal Gh4h1]}) 25... Rxd5 26. Qa3 Rg5+ 27. Kh2 $16) 22. Rfe1 {
[%csl Gc3,Ge1,Re8,Rg8]} Nd7 (22... Qxe1+ $4 23. Rxe1 Rxe1+ 24. Bxe1 Bxd5 25.
Qxd6 $18 {[%csl Ra8,Rb8,Rd5,Gd6,Ge1,Rg8]}) 23. Rxe4 Bxe4 {[%mdl 1024] All
these moves my contender has made very quickly.} 24. Qxh6 $1 ({Gregory
specially has analysed the following position,before this game:} 24. Qxd6 Bf5
$13 (24... Rad8 $143 25. Re1 $14 Ne5 $140 $2 26. Qf6 $1 Nf3+ (26... Rd6 27. Qf4
$1) 27. Kg2 $1 Nxe1+ 28. Kg3 {[%csl Rg8]} Kf8 29. d6 $18 {[%csl Gc3,Yd6,Re1,
Gf6,Rf8][%cal Yd6e7]})) 24... f6 25. f3 {[%csl Ye4,Gf3,Rg6,Gh6][%cal Ye4g6,
Gf3e4]} (25. Qf4 $142 {[%csl Rd6] Gregory Gurevich} Bxd5 26. Qxd6 Be6 27. Re1
Rad8 $1 $13 28. Rxe6 $140 $2 Nf8 {[%csl Rd6,Re6]} 29. Qxc5 (29. Rxf6 $143 Rxd6
30. Rxd6 $15) 29... Rxe6 30. Qxa7 $13) 25... Bf5 26. Kf2 {[%csl Rg8,Gh6][%cal
Gc1h1]} Re7 27. Rh1 Rf8 {Last moves were made according to the standard chess
norms.} 28. Qh2 $5 {[%csl Rd6] Novelty,from the point of the home analyses of
my contender!!!} Ne5 $8 29. Bxe5 fxe5 $8 ({It was badly:} 29... dxe5 $2 {
in view of:} 30. Qh8+ Kf7 31. Rh7+ Ke8 32. Rxe7+ Kxe7 33. Qg7+ {[%csl Ra7,Re7,
Rf8]} (33. d6+ $144 Ke8 34. Qg7 Rf7) 33... Rf7 34. d6+ Ke8 (34... Ke6 $4 35.
Qg8 {[%csl Ye6,Rf7][%cal Gg8e8]}) 35. Qg8+ Rf8 36. Qd5 {[%csl Ra7,Rc5,Gd6] +/=/
+/-}) 30. Qh8+ Kf7 31. Rh7+ Ke8 32. Rxe7+ Kxe7 $11 33. Qh4+ {[%csl Ra7,Re7]}
Ke8 (33... Rf6 $5 $11) 34. Ke3 ({Leads to unnecessary complications:} 34. Qa4+
$6 Bd7 35. Qxa7 $140 $2 e4 $1 (35... Rf4 $5 {[%csl Yd7,Yf4][%cal Yf4a4]}) 36.
f4 g5 $1 37. Qb8+ Ke7 38. Qb2 {[%cal Gb2g7]} Rxf4+ 39. Ke3 $15) 34... Bd7 ({
Leads to drawn game:} 34... Rf7 $5 35. Qh8+ Rf8 36. Qg7 Rf7 {[%csl Yf7][%cal
Yf7a7]} 37. Qg8+ Rf8 {and so on.}) 35. Qh6 Rf4 {[%csl Yd7,Yf4]} (35... Rg8 $6
36. f4 $1 $14) 36. Qxg6+ Ke7 {At this moment I have accepted the grandiose
decision- to transfer turn of a move to the my contender:} 37. Qg5+ Ke8 38.
Qg8+ Ke7 39. Qg6 Rb4 $2 {Black immediately makes painful positional blunder.} (
39... a5 $5 40. Qg5+ Ke8 41. Qg8+ Ke7 42. Qg6 a4 43. a3 Rf5 $11) ({
Unexpectedly at once loses a game:} 39... Rd4 {in view of:} 40. Qg5+ $1 Ke8 (
40... Kf7 41. Qd8 $18 {[%csl Rd6,Rd7,Gd8]}) 41. Qf6 $1 $18 {[%csl Rd6]} Rxd5
$140 $2 42. Qh8+ Kf7 (42... Ke7 $143 43. Qg7+ {[%csl Rd5,Re7][%cal Gg7g8]}) 43.
Qh7+ {[%csl Rd5,Rd7,Rf7,Gh7][%cal Gh7g8]} Kf6 (43... Ke6 $143 44. Qg8+ {
[%csl Rd5,Re6,Gg8]}) 44. Qxd7 $18 {[%csl Ga2,Ra7]}) 40. Qg5+ Ke8 (40... Kf7
$143 41. Qd8 {[%csl Rd6,Rd7]} Rb7 42. f4 exf4+ 43. Kxf4 $16 {[%csl Rd6,Gd8,Gf4,
Rf7][%cal Gf4g5,Gd8f6]}) 41. Qf6 Rb6 42. f4 $1 {Differently to not break
through a defense of the contender!} exf4+ 43. Kxf4 $14 Ra6 (43... a5 $2 44.
Qh8+ Ke7 (44... Kf7 45. Qd8 Rb7 46. Kg5 $1 {[%csl Rd6,Rf7][%cal Gd8f6]}) 45.
Qh4+ {[%csl Rd8]} Ke8 46. Qe1+ {[%csl Ra5]}) (43... Bc8 $2 44. Qh8+ Kd7 45.
Qg7+ {[%csl Ra7,Rd7,Gg7]}) (43... a6 $5 {/\Bc8,Kd7 +/=}) 44. Kg5 Bb5 $2 {
It's already decisive mistake.} ({It was necessary:} 44... Bc8 45. a4 $5 Kd7
46. a5 Kc7 (46... Rxa5 $2 47. Qg7+ Kd8 48. Kf6 {[%csl Rd8][%cal Gg7e7]} Bd7
$140 49. Qf8+ {[%csl Rd6,Rd8]} Kc7 50. Ke7 $18 {[%csl Ra5,Rc7,Rd7][%cal Gf8d8]}
) 47. Qe7+ $1 Bd7 $140 48. Qe1 {[%cal Gg5f6]} Kd8 49. Kf6 Kc7 $14) 45. Qh8+ $1
Kd7 ({Hardly it was better:} 45... Ke7 46. Qg7+ Kd8 47. Qb7 $18 {[%cal Gg5f6]})
46. Qb8 Bc4 ({I do not think that it was much better:} 46... Be2 47. Kf6 Bf1 {
[%csl Yf1][%cal Yf1h3]} 48. a4 $22 {[%csl Gb8,Rd6,Re6,Yf1,Gf6][%cal Yf1h3,
Yf1a6,Ya6d6] A nice example of zugzwang:} Bc4 (48... Be2 49. Qb7+ Kd8 50. Qe7+
{[%csl Rd8,Re2]}) (48... Rxa4 49. Qb7+ Kd8 50. Qa8+ {[%csl Ra4,Rd8][%cal Ga8c6]
}) 49. Qb7+ Kd8 50. Ke6 $18 {[%csl Rd8][%cal Gb7d7]}) 47. Qb7+ Kd8 48. Kf6 $18
{[%csl Rd8][%cal Gf6e6,Gb7d7,Gb7b8]} Rb6 (48... Bf1 {[%csl Yf1][%cal Yf1h3]}
49. a4 $22 $18 {[%csl Gb7,Rd6,Re6,Yf1,Gf6][%cal Yf1a6,Yf1h3,Ya6d6]}) 49. Qxa7 {
The rest is just a matter of technique.} Ra6 (49... Rb1 $143 50. Ke6 Re1+ 51.
Kxd6 {[%csl Rd8][%cal Ga7b8]} Ke8 52. Qa4+ {[%csl Rc4,Re8]}) 50. Qb8+ Kd7 51.
Qb7+ Kd8 52. Ke6 {[%csl Rd8][%cal Gb7d7,Gb7b8]} Bxd5+ $8 53. Kxd5 Rxa2 54. Kc6
$1 {[%csl Ra2,Rd8][%cal Gb7d7] The most simple decision. I beforehand have
calculated that I take away a Black's rook.} Ke8 55. Qd7+ Kf8 56. Qxd6+ {
[%csl Ra2,Rb3,Rc4,Rd5,Gd6,Re6,Rf7,Rg8][%cal Rg8a2]} Kg7 57. Qe7+ Kh8 58. Qf8+ {
[%csl Ra2,Rh8][%cal Gf8f7]} 1-0